[Event "DVM U12 2023"]
[Site "Magdeburg GER"]
[Date "2023.12.28"]
[Round "4"]
[White "Yan, Haichen"]
[Black "Bergmann, Rafael Antonio"]
[Result "0-1"]
[Termination "normal"]
[Board "4.2"]
[WhiteElo "1403"]
[BlackElo "1545"]
[WhiteClock "00:43:18"]
[BlackClock "00:54:35"]
[WhiteTeam "SV 1947 Walldorf"]
[BlackTeam "SC Borussia Lichtenberg"]
[PlyCount "94"]
[WhiteFideId "34607951"]
[BlackFideId "34635076"]
[EventCountry "GER"]
[EventRounds "7"]
[EventType "team-swiss"]
[EventDate "2023.12.26"]

1. d4 {[%clk 01:30:56]} {[%emt 00:00:03]} Nf6 {[%clk 01:30:40]} {[%emt
00:00:21]} 2. c4 {[%clk 01:31:19]} {[%emt 00:00:07]} e6 {[%clk 01:31:01]}
{[%emt 00:00:08]} 3. Nc3 {[%clk 01:31:39]} {[%emt 00:00:10]} Bb4 {[%clk
01:31:26]} {[%emt 00:00:05]} 4. Bg5 {[%clk 01:31:34]} {[%emt 00:00:36]} d5
{[%clk 01:30:51]} {[%emt 00:01:05]} 5. cxd5 {[%clk 01:31:34]} {[%emt 00:00:29]}
exd5 {[%clk 01:31:10]} {[%emt 00:00:11]} 6. e3 {[%clk 01:31:55]} {[%emt
00:00:09]} O-O {[%clk 01:29:53]} {[%emt 00:01:47]} 7. Bd3 {[%clk 01:32:00]}
{[%emt 00:00:24]} c6 {[%clk 01:28:34]} {[%emt 00:01:49]} 8. Nf3 {[%clk
01:31:07]} {[%emt 00:01:23]} Nbd7 {[%clk 01:27:11]} {[%emt 00:01:53]} 9. O-O
{[%clk 01:30:52]} {[%emt 00:00:45]} Re8 {[%clk 01:26:06]} {[%emt 00:01:34]} 10.
Qc2 {[%clk 01:30:30]} {[%emt 00:00:52]} h6 {[%clk 01:22:40]} {[%emt 00:03:57]}
11. Bf4 {[%clk 01:30:06]} {[%emt 00:00:54]} Qe7 {[%clk 01:22:46]} {[%emt
00:00:24]} 12. Rfe1 {[%clk 01:24:32]} {[%emt 00:06:03]} Ne4 {[%clk 01:21:09]}
{[%emt 00:02:07]} 13. a3 {[%clk 01:21:49]} {[%emt 00:03:14]} Ba5 {[%clk
01:20:41]} {[%emt 00:00:58]} 14. b4 {[%clk 01:21:10]} {[%emt 00:01:08]} Bb6
{[%clk 01:19:33]} {[%emt 00:01:39]} 15. Nd2 {[%clk 01:17:10]} {[%emt 00:04:31]}
Ndf6 {[%clk 01:17:00]} {[%emt 00:03:02]} 16. Be5 {[%clk 01:12:32]} {[%emt
00:05:08]} Nxd2 {[%clk 01:16:26]} {[%emt 00:01:04]} 17. Qxd2 {[%clk 01:11:40]}
{[%emt 00:01:22]} Bc7 {[%clk 01:10:43]} {[%emt 00:06:12]} 18. Bxc7 {[%clk
01:10:36]} {[%emt 00:01:35]} Qxc7 {[%clk 01:10:59]} {[%emt 00:00:13]} 19. Be2
{[%clk 01:08:44]} {[%emt 00:02:24]} Bf5 {[%clk 01:10:07]} {[%emt 00:01:21]} 20.
Bd3 {[%clk 01:05:41]} {[%emt 00:03:33]} Ne4 {[%clk 01:09:15]} {[%emt 00:01:22]}
21. Nxe4 {[%clk 01:05:10]} {[%emt 00:01:01]} Bxe4 {[%clk 01:08:55]} {[%emt
00:00:50]} 22. Rac1 {[%clk 01:03:58]} {[%emt 00:01:42]} Qd6 {[%clk 01:06:11]}
{[%emt 00:03:14]} 23. f3 {[%clk 00:57:47]} {[%emt 00:06:42]} Bg6 {[%clk
01:05:34]} {[%emt 00:01:06]} 24. e4 {[%clk 00:55:05]} {[%emt 00:03:12]} dxe4
{[%clk 01:05:36]} {[%emt 00:00:29]} 25. Bxe4 {[%clk 00:55:14]} {[%emt
00:00:21]} Rad8 {[%clk 01:03:40]} {[%emt 00:02:25]} 26. Bxg6 {[%clk 00:53:23]}
{[%emt 00:02:22]} Qxg6 {[%clk 01:03:28]} {[%emt 00:00:41]} 27. Rxe8+ {[%clk
00:52:03]} {[%emt 00:01:50]} Rxe8 {[%clk 01:03:43]} {[%emt 00:00:16]} 28. Re1
{[%clk 00:52:15]} {[%emt 00:00:18]} Rxe1+ {[%clk 00:58:51]} {[%emt 00:05:20]}
29. Qxe1 {[%clk 00:52:34]} {[%emt 00:00:13]} Kf8 {[%clk 00:59:04]} {[%emt
00:00:17]} 30. Qe4 {[%clk 00:52:33]} {[%emt 00:00:31]} Qf6 {[%clk 00:54:39]}
{[%emt 00:04:54]} 31. Qe5 {[%clk 00:51:42]} {[%emt 00:01:21]} Qxe5 {[%clk
00:53:05]} {[%emt 00:02:03]} 32. dxe5 {[%clk 00:52:08]} {[%emt 00:00:06]} Ke7
{[%clk 00:53:17]} {[%emt 00:00:18]} 33. Kf2 {[%clk 00:52:27]} {[%emt 00:00:11]}
Ke6 {[%clk 00:53:34]} {[%emt 00:00:13]} 34. Ke3 {[%clk 00:52:14]} {[%emt
00:00:43]} Kxe5 {[%clk 00:53:54]} {[%emt 00:00:10]} 35. f4+ {[%clk 00:52:04]}
{[%emt 00:00:40]} Kd5 {[%clk 00:53:47]} {[%emt 00:00:36]} 36. Kd3 {[%clk
00:52:22]} {[%emt 00:00:13]} h5 {[%clk 00:53:18]} {[%emt 00:01:00]} 37. g3
{[%clk 00:51:49]} {[%emt 00:01:03]} f6 {[%clk 00:53:25]} {[%emt 00:00:22]} 38.
a4 {[%clk 00:49:38]} {[%emt 00:02:41]} b6 {[%clk 00:53:28]} {[%emt 00:00:26]}
39. h3 {[%clk 00:48:06]} {[%emt 00:02:03]} c5 {[%clk 00:53:33]} {[%emt
00:00:24]} 40. bxc5 {[%clk 00:47:37]} {[%emt 00:00:59]} bxc5 {[%clk 00:53:57]}
{[%emt 00:00:06]} 41. g4 {[%clk 00:46:39]} {[%emt 00:01:29]} h4 {[%clk
00:53:41]} {[%emt 00:00:47]} 42. a5 {[%clk 00:46:26]} {[%emt 00:00:43]} c4+
{[%clk 00:53:33]} {[%emt 00:00:38]} 43. Ke3 {[%clk 00:45:16]} {[%emt 00:01:40]}
g5 {[%clk 00:53:16]} {[%emt 00:00:47]} 44. fxg5 {[%clk 00:44:20]} {[%emt
00:01:25]} fxg5 {[%clk 00:53:37]} {[%emt 00:00:09]} 45. a6 {[%clk 00:44:39]}
{[%emt 00:00:10]} Ke5 {[%clk 00:53:59]} {[%emt 00:00:08]} 46. Kf3 {[%clk
00:44:05]} {[%emt 00:01:04]} Kd4 {[%clk 00:54:17]} {[%emt 00:00:13]} 47. Kf2
{[%clk 00:43:18]} {[%emt 00:01:17]} Kd3 {[%clk 00:54:35]} {[%emt 00:00:11]} 0-1

[Event "DVM U12 2023"]
[Site "Magdeburg GER"]
[Date "2023.12.28"]
[Round "4"]
[White "Berndt, Ronson"]
[Black "Färber, Anna"]
[Result "1/2-1/2"]
[Termination "normal"]
[Board "4.3"]
[WhiteElo "1615"]
[BlackElo "1345"]
[WhiteTeam "SC Borussia Lichtenberg"]
[BlackTeam "SV 1947 Walldorf"]
[PlyCount "67"]
[WhiteFideId "34618694"]
[BlackFideId "34633480"]
[EventCountry "GER"]
[EventRounds "7"]
[EventType "team-swiss"]
[EventDate "2023.12.26"]

1. e4 {[%emt 01:44:32]} e6 {[%emt 00:00:07]} 2. d4 {[%emt 00:00:04]} d5 {[%emt
00:00:04]} 3. Nc3 {[%emt 00:00:06]} Bb4 {[%emt 00:00:05]} 4. exd5 {[%emt
00:00:12]} exd5 {[%emt 00:00:11]} 5. Bd3 {[%emt 00:00:15]} Ne7 {[%emt
00:02:42]} 6. Nge2 {[%emt 00:02:21]} O-O {[%emt 00:01:20]} 7. Ng3 {[%emt
00:01:07]} Re8 {[%emt 00:03:17]} 8. O-O {[%emt 00:00:12]} Nd7 {[%emt 00:02:24]}
9. Nce2 {[%emt 00:00:28]} Ng6 {[%emt 00:01:53]} 10. c3 {[%emt 00:00:16]} Bd6
{[%emt 00:01:05]} 11. Nf5 {[%emt 00:02:56]} Bf8 {[%emt 00:03:10]} 12. Neg3
{[%emt 00:02:37]} Nf6 {[%emt 00:02:37]} 13. Bg5 {[%emt 00:05:01]} h6 {[%emt
00:02:27]} 14. Bxf6 {[%emt 00:00:40]} Qxf6 {[%emt 00:00:26]} 15. Qf3 {[%emt
00:01:00]} Qd8 {[%emt 00:02:20]} 16. Rae1 {[%emt 00:06:37]} Be6 {[%emt
00:04:25]} 17. Re3 {[%emt 00:11:12]} c6 {[%emt 00:06:34]} 18. Rfe1 {[%emt
00:01:36]} Qd7 {[%emt 00:05:14]} 19. Qd1 {[%emt 00:08:47]} Ne7 {[%emt
00:03:30]} 20. Qb1 {[%emt 00:01:57]} Nxf5 {[%emt 00:03:43]} 21. Nxf5 {[%emt
00:00:32]} Rad8 {[%emt 00:03:00]} 22. f3 {[%emt 00:09:02]} a6 {[%emt 00:10:33]}
23. R1e2 {[%emt 00:07:44]} Qc8 {[%emt 00:03:42]} 24. Qc2 {[%emt 00:03:55]} Bd7
{[%emt 00:01:33]} 25. Rxe8 {[%emt 00:03:49]} Rxe8 {[%emt 00:00:21]} 26. Ng3
{[%emt 00:01:28]} Bd6 {[%emt 00:02:12]} 27. Kf2 {[%emt 00:05:25]} Kf8 {[%emt
00:04:52]} 28. Rxe8+ {[%emt 00:02:15]} Qxe8 {[%emt 00:00:30]} 29. Nf5 {[%emt
00:00:32]} Bf4 {[%emt 00:05:52]} 30. g3 {[%emt 00:02:32]} Bc7 {[%emt 00:02:24]}
31. Qe2 {[%emt 00:01:53]} Qxe2+ {[%emt 00:02:26]} 32. Kxe2 {[%emt 00:00:06]} h5
{[%emt 00:00:44]} 33. f4 {[%emt 00:02:26]} g6 {[%emt 00:02:08]} 34. Ne3 {[%emt
00:00:38]} 1/2-1/2

[Event "DVM U12 2023"]
[Site "Magdeburg GER"]
[Date "2023.12.28"]
[Round "4"]
[White "Sriram, Aumkar"]
[Black "Borchert, Yuri"]
[Result "0-1"]
[Termination "normal"]
[Board "4.4"]
[WhiteElo "1191"]
[BlackElo "1179"]
[WhiteClock "00:50:13"]
[BlackClock "00:29:11"]
[WhiteTeam "SV 1947 Walldorf"]
[BlackTeam "SC Borussia Lichtenberg"]
[PlyCount "158"]
[WhiteFideId "33460477"]
[BlackFideId "34626468"]
[EventCountry "GER"]
[EventRounds "7"]
[EventType "team-swiss"]
[EventDate "2023.12.26"]

1. e4 {[%clk 01:30:59]} d6 {[%clk 01:30:50]} {[%emt 00:00:10]} 2. Nf3 {[%clk
01:31:21]} {[%emt 00:00:09]} Nf6 {[%clk 01:30:45]} {[%emt 00:00:35]} 3. Nc3
{[%clk 01:31:39]} {[%emt 00:00:12]} g6 {[%clk 01:30:44]} {[%emt 00:00:31]} 4.
Bb5+ {[%clk 01:31:23]} {[%emt 00:00:45]} Nbd7 {[%clk 01:29:13]} {[%emt
00:02:01]} 5. d3 {[%clk 01:31:02]} {[%emt 00:00:52]} Bg7 {[%clk 01:28:18]}
{[%emt 00:01:26]} 6. Be3 {[%clk 01:31:06]} {[%emt 00:00:24]} O-O {[%clk
01:27:55]} {[%emt 00:00:54]} 7. O-O {[%clk 01:30:59]} {[%emt 00:00:33]} c6
{[%clk 01:26:26]} {[%emt 00:02:02]} 8. Bc4 {[%clk 01:30:52]} {[%emt 00:00:37]}
b5 {[%clk 01:25:03]} {[%emt 00:01:54]} 9. Bb3 {[%clk 01:30:23]} {[%emt
00:00:59]} a5 {[%clk 01:22:05]} {[%emt 00:03:28]} 10. a3 {[%clk 01:30:09]}
{[%emt 00:00:44]} Ba6 {[%clk 01:18:04]} {[%emt 00:04:30]} 11. Ne2 {[%clk
01:29:38]} {[%emt 00:01:01]} Ng4 {[%clk 01:16:12]} {[%emt 00:02:21]} 12. Bf4
{[%clk 01:28:50]} {[%emt 00:01:10]} Bxb2 {[%clk 01:15:45]} {[%emt 00:01:04]}
13. Ra2 {[%clk 01:27:53]} {[%emt 00:01:28]} Bg7 {[%clk 01:15:23]} {[%emt
00:00:54]} 14. h3 {[%clk 01:27:43]} {[%emt 00:00:40]} Ngf6 {[%clk 01:14:50]}
{[%emt 00:01:03]} 15. Qd2 {[%clk 01:27:03]} {[%emt 00:01:08]} a4 {[%clk
01:15:01]} {[%emt 00:00:18]} 16. Bh6 {[%clk 01:25:52]} {[%emt 00:01:41]} axb3
{[%clk 01:13:54]} {[%emt 00:01:39]} 17. cxb3 {[%clk 01:26:04]} {[%emt
00:00:18]} Qb6 {[%clk 01:11:34]} {[%emt 00:02:48]} 18. Ng3 {[%clk 01:24:07]}
{[%emt 00:02:25]} Nc5 {[%clk 01:04:07]} {[%emt 00:07:59]} 19. Qg5 {[%clk
01:22:55]} {[%emt 00:01:41]} Kh8 {[%clk 00:55:01]} {[%emt 00:09:38]} 20. Bxg7+
{[%clk 01:22:27]} {[%emt 00:00:58]} Kxg7 {[%clk 00:54:44]} {[%emt 00:00:48]}
21. Nf5+ {[%clk 01:22:41]} {[%emt 00:00:15]} Kh8 {[%clk 00:53:53]} {[%emt
00:01:21]} 22. Nxe7 {[%clk 01:22:53]} {[%emt 00:00:19]} Ng8 {[%clk 00:52:01]}
{[%emt 00:02:20]} 23. Nxg8 {[%clk 01:21:16]} {[%emt 00:02:08]} Rxg8 {[%clk
00:51:55]} {[%emt 00:00:36]} 24. Qf6+ {[%clk 01:20:10]} {[%emt 00:01:35]} Rg7
{[%clk 00:52:15]} {[%emt 00:00:10]} 25. Ng5 {[%clk 01:19:28]} {[%emt 00:01:11]}
Qc7 {[%clk 00:51:45]} {[%emt 00:00:59]} 26. d4 {[%clk 01:17:53]} {[%emt
00:02:05]} h6 {[%clk 00:46:47]} {[%emt 00:05:30]} 27. dxc5 {[%clk 01:16:37]}
{[%emt 00:01:43]} hxg5 {[%clk 00:46:57]} {[%emt 00:00:23]} 28. cxd6 {[%clk
01:16:21]} {[%emt 00:00:45]} Qd7 {[%clk 00:46:40]} {[%emt 00:00:46]} 29. Rd1
{[%clk 01:16:13]} {[%emt 00:00:39]} Qe6 {[%clk 00:43:38]} {[%emt 00:03:32]} 30.
Qe7 {[%clk 01:15:38]} {[%emt 00:01:05]} Qxe7 {[%clk 00:41:53]} {[%emt
00:02:17]} 31. dxe7 {[%clk 01:15:56]} {[%emt 00:00:12]} Re8 {[%clk 00:42:10]}
{[%emt 00:00:12]} 32. Rd8 {[%clk 01:15:54]} {[%emt 00:00:31]} Rgg8 {[%clk
00:42:32]} {[%emt 00:00:11]} 33. Rd7 {[%clk 01:14:50]} {[%emt 00:01:34]} Kg7
{[%clk 00:42:27]} {[%emt 00:00:33]} 34. Rad2 {[%clk 01:14:27]} {[%emt
00:00:49]} f5 {[%clk 00:41:29]} {[%emt 00:01:31]} 35. exf5 {[%clk 01:13:44]}
{[%emt 00:01:14]} gxf5 {[%clk 00:41:23]} {[%emt 00:00:36]} 36. R2d6 {[%clk
01:13:54]} {[%emt 00:00:16]} b4 {[%clk 00:40:09]} {[%emt 00:01:47]} 37. axb4
{[%clk 01:13:30]} {[%emt 00:00:54]} Bb5 {[%clk 00:39:53]} {[%emt 00:00:45]} 38.
Rc7 {[%clk 01:12:25]} {[%emt 00:01:33]} Kf7 {[%clk 00:38:40]} {[%emt 00:01:45]}
39. Rd8 {[%clk 01:11:02]} {[%emt 00:01:55]} Ke6 {[%clk 00:38:03]} {[%emt
00:01:04]} 40. Rd1 {[%clk 01:09:42]} {[%emt 00:01:50]} Rg7 {[%clk 00:37:06]}
{[%emt 00:01:29]} 41. Rcd7 {[%clk 01:08:07]} {[%emt 00:02:01]} Rexe7 {[%clk
00:36:03]} {[%emt 00:01:37]} 42. R1d6+ {[%clk 01:05:23]} {[%emt 00:03:10]} Ke5
{[%clk 00:35:51]} {[%emt 00:00:45]} 43. Rd8 {[%clk 01:04:54]} {[%emt 00:00:59]}
Re8 {[%clk 00:32:41]} {[%emt 00:03:41]} 44. Rxe8+ {[%clk 00:59:58]} {[%emt
00:05:26]} Kxd6 {[%clk 00:33:01]} {[%emt 00:00:09]} 45. Rd8+ {[%clk 01:00:05]}
{[%emt 00:00:24]} Ke6 {[%clk 00:32:11]} {[%emt 00:01:21]} 46. Re8+ {[%clk
01:00:18]} {[%emt 00:00:16]} Kd5 {[%clk 00:32:14]} {[%emt 00:00:26]} 47. Rd8+
{[%clk 01:00:06]} {[%emt 00:00:43]} Ke4 {[%clk 00:32:28]} {[%emt 00:00:16]} 48.
Re8+ {[%clk 00:59:55]} {[%emt 00:00:41]} Kd3 {[%clk 00:32:51]} {[%emt
00:00:07]} 49. Re3+ {[%clk 00:59:31]} {[%emt 00:00:50]} Kc2 {[%clk 00:33:15]}
{[%emt 00:00:09]} 50. Rf3 {[%clk 00:59:08]} {[%emt 00:00:45]} g4 {[%clk
00:32:22]} {[%emt 00:01:31]} 51. hxg4 {[%clk 00:58:09]} {[%emt 00:01:26]} fxg4
{[%clk 00:32:12]} {[%emt 00:00:45]} 52. Rg3 {[%clk 00:57:48]} {[%emt 00:00:46]}
Be2 {[%clk 00:32:31]} {[%emt 00:00:15]} 53. Re3 {[%clk 00:57:05]} {[%emt
00:01:03]} Kd2 {[%clk 00:32:04]} {[%emt 00:01:06]} 54. Re6 {[%clk 00:56:46]}
{[%emt 00:00:48]} Rc7 {[%clk 00:31:03]} {[%emt 00:01:31]} 55. Kh2 {[%clk
00:56:17]} {[%emt 00:00:58]} Bd1 {[%clk 00:29:26]} {[%emt 00:02:09]} 56. Kg3
{[%clk 00:55:20]} {[%emt 00:01:19]} Bxb3 {[%clk 00:29:28]} {[%emt 00:00:36]}
57. Rd6+ {[%clk 00:55:16]} {[%emt 00:00:35]} Kc3 {[%clk 00:29:45]} {[%emt
00:00:13]} 58. Kxg4 {[%clk 00:54:57]} {[%emt 00:00:49]} Kxb4 {[%clk 00:30:04]}
{[%emt 00:00:10]} 59. g3 {[%clk 00:53:17]} {[%emt 00:02:11]} c5 {[%clk
00:29:52]} {[%emt 00:00:42]} 60. Rb6+ {[%clk 00:53:23]} {[%emt 00:00:24]} Kc3
{[%clk 00:29:44]} {[%emt 00:00:37]} 61. f4 {[%clk 00:53:20]} {[%emt 00:00:34]}
Rg7+ {[%clk 00:29:55]} {[%emt 00:00:20]} 62. Kh4 {[%clk 00:53:21]} {[%emt
00:00:28]} Bd1 {[%clk 00:29:38]} {[%emt 00:00:47]} 63. Rc6 {[%clk 00:53:05]}
{[%emt 00:00:46]} c4 {[%clk 00:29:51]} {[%emt 00:00:17]} 64. Rd6 {[%clk
00:52:32]} {[%emt 00:01:00]} Kc2 {[%clk 00:28:28]} {[%emt 00:01:56]} 65. f5
{[%clk 00:52:27]} {[%emt 00:00:33]} Rg4+ {[%clk 00:27:47]} {[%emt 00:01:12]}
66. Kh3 {[%clk 00:52:15]} {[%emt 00:00:43]} Bf3 {[%clk 00:27:07]} {[%emt
00:01:11]} 67. f6 {[%clk 00:52:22]} {[%emt 00:00:23]} Rg5 {[%clk 00:26:32]}
{[%emt 00:01:03]} 68. Rd4 {[%clk 00:50:57]} {[%emt 00:01:54]} c3 {[%clk
00:26:39]} {[%emt 00:00:25]} 69. Rf4 {[%clk 00:50:12]} {[%emt 00:01:12]} Rh5+
{[%clk 00:27:05]} {[%emt 00:00:09]} 70. Rh4 {[%clk 00:49:53]} {[%emt 00:00:49]}
Rf5 {[%clk 00:27:28]} {[%emt 00:00:07]} 71. Rf4 {[%clk 00:48:33]} {[%emt
00:01:49]} Rxf4 {[%clk 00:27:42]} {[%emt 00:00:17]} 72. gxf4 {[%clk 00:48:49]}
{[%emt 00:00:13]} Bd5 {[%clk 00:28:09]} {[%emt 00:00:02]} 73. f7 {[%clk
00:48:49]} {[%emt 00:00:31]} Bxf7 {[%clk 00:28:28]} {[%emt 00:00:10]} 74. f5
{[%clk 00:49:15]} {[%emt 00:00:04]} Kd2 {[%clk 00:28:54]} {[%emt 00:00:04]} 75.
f6 {[%clk 00:49:17]} {[%emt 00:00:28]} c2 {[%clk 00:29:15]} {[%emt 00:00:09]}
76. Kh4 {[%clk 00:49:38]} {[%emt 00:00:09]} c1=Q {[%clk 00:28:53]} {[%emt
00:00:51]} 77. Kh3 {[%clk 00:50:03]} {[%emt 00:00:06]} Qg1 {[%clk 00:29:08]}
{[%emt 00:00:15]} 78. Kh4 {[%clk 00:50:12]} {[%emt 00:00:20]} Be6 {[%clk
00:29:11]} {[%emt 00:00:25]} 79. f7 {[%clk 00:50:13]} {[%emt 00:00:31]} Qg4#
{[%emt 00:00:10]} 0-1

[Event "DVM U12 2023"]
[Site "Magdeburg GER"]
[Date "2023.12.28"]
[Round "4"]
[White "Rodriguez Klasen, Ennio"]
[Black "Gersemann, Karl"]
[Result "1/2-1/2"]
[Termination "normal"]
[Board "5.1"]
[WhiteElo "1622"]
[BlackElo "1520"]
[WhiteClock "00:00:52"]
[BlackClock "00:33:04"]
[WhiteTeam "SV Empor Berlin"]
[BlackTeam "TSG Oberschöneweide"]
[PlyCount "139"]
[WhiteFideId "16277414"]
[BlackFideId "34602186"]
[EventCountry "GER"]
[EventRounds "7"]
[EventType "team-swiss"]
[EventDate "2023.12.26"]

1. e4 {[%clk 01:30:40]} {[%emt 00:00:19]} e5 {[%clk 01:30:56]} {[%emt
00:00:05]} 2. Nf3 {[%clk 01:30:50]} {[%emt 00:00:21]} Nc6 {[%clk 01:31:16]}
{[%emt 00:00:10]} 3. Bb5 {[%clk 01:31:12]} {[%emt 00:00:08]} a6 {[%clk
01:31:37]} {[%emt 00:00:08]} 4. Bxc6 {[%clk 01:31:34]} {[%emt 00:00:09]} dxc6
{[%clk 01:31:57]} {[%emt 00:00:09]} 5. O-O {[%clk 01:32:00]} {[%emt 00:00:05]}
Bd6 {[%clk 01:31:49]} {[%emt 00:00:38]} 6. d4 {[%clk 01:32:20]} {[%emt
00:00:10]} exd4 {[%clk 01:31:47]} {[%emt 00:00:32]} 7. Qxd4 {[%clk 01:32:38]}
{[%emt 00:00:12]} f6 {[%clk 01:31:54]} {[%emt 00:00:22]} 8. Nbd2 {[%clk
01:32:23]} {[%emt 00:00:45]} Be6 {[%clk 01:31:49]} {[%emt 00:00:34]} 9. b3
{[%clk 01:32:34]} {[%emt 00:00:20]} Ne7 {[%clk 01:31:21]} {[%emt 00:00:58]} 10.
Bb2 {[%clk 01:31:46]} {[%emt 00:01:19]} Ng6 {[%clk 01:30:18]} {[%emt 00:01:32]}
11. h3 {[%clk 01:24:52]} {[%emt 00:07:24]} Qd7 {[%clk 01:22:50]} {[%emt
00:07:57]} 12. Nc4 {[%clk 01:14:39]} {[%emt 00:10:45]} Nf4 {[%clk 01:19:57]}
{[%emt 00:03:23]} 13. Rfe1 {[%clk 01:06:16]} {[%emt 00:08:52]} Bxc4 {[%clk
01:12:50]} {[%emt 00:07:36]} 14. bxc4 {[%clk 01:04:16]} {[%emt 00:02:30]} c5
{[%clk 01:12:22]} {[%emt 00:00:58]} 15. Qc3 {[%clk 00:50:25]} {[%emt 00:14:21]}
Ng6 {[%clk 01:09:20]} {[%emt 00:03:32]} 16. Qb3 {[%clk 00:41:21]} {[%emt
00:09:35]} O-O-O {[%clk 01:04:15]} {[%emt 00:05:34]} 17. Rab1 {[%clk 00:33:28]}
{[%emt 00:08:23]} Qc6 {[%clk 01:03:16]} {[%emt 00:01:29]} 18. e5 {[%clk
00:25:00]} {[%emt 00:08:58]} fxe5 {[%clk 01:03:26]} {[%emt 00:00:20]} 19. Bxe5
{[%clk 00:25:02]} {[%emt 00:00:27]} Nxe5 {[%clk 01:03:15]} {[%emt 00:00:41]}
20. Nxe5 {[%clk 00:25:00]} {[%emt 00:00:33]} Bxe5 {[%clk 01:03:37]} {[%emt
00:00:08]} 21. Rxe5 {[%clk 00:25:28]} {[%emt 00:00:03]} Rhe8 {[%clk 00:59:05]}
{[%emt 00:04:59]} 22. Qe3 {[%clk 00:21:01]} {[%emt 00:05:00]} b6 {[%clk
00:57:30]} {[%emt 00:02:03]} 23. Re1 {[%clk 00:16:52]} {[%emt 00:04:42]} Rxe5
{[%clk 00:56:57]} {[%emt 00:01:03]} 24. Qxe5 {[%clk 00:17:19]} {[%emt
00:00:03]} Qg6 {[%clk 00:54:39]} {[%emt 00:02:46]} 25. Qc3 {[%clk 00:15:27]}
{[%emt 00:02:23]} Qf7 {[%clk 00:47:21]} {[%emt 00:07:47]} 26. f3 {[%clk
00:12:38]} {[%emt 00:03:21]} Kb7 {[%clk 00:42:38]} {[%emt 00:05:13]} 27. a3
{[%clk 00:10:37]} {[%emt 00:02:31]} Rd4 {[%clk 00:40:12]} {[%emt 00:02:55]} 28.
Re4 {[%clk 00:10:06]} {[%emt 00:01:02]} Qf6 {[%clk 00:38:12]} {[%emt 00:02:29]}
29. Qe1 {[%clk 00:08:37]} {[%emt 00:02:00]} Qd6 {[%clk 00:36:22]} {[%emt
00:02:19]} 30. Qc3 {[%clk 00:04:59]} {[%emt 00:04:09]} Rd1+ {[%clk 00:35:20]}
{[%emt 00:01:32]} 31. Kf2 {[%clk 00:05:03]} {[%emt 00:00:25]} Qd2+ {[%clk
00:27:57]} {[%emt 00:07:53]} 32. Qxd2 {[%clk 00:05:26]} {[%emt 00:00:07]} Rxd2+
{[%clk 00:28:23]} {[%emt 00:00:04]} 33. Re2 {[%clk 00:05:46]} {[%emt 00:00:10]}
Rd6 {[%clk 00:27:34]} {[%emt 00:01:19]} 34. h4 {[%clk 00:05:00]} {[%emt
00:01:16]} Rd7 {[%clk 00:26:35]} {[%emt 00:01:28]} 35. g4 {[%clk 00:05:12]}
{[%emt 00:00:19]} c6 {[%clk 00:26:45]} {[%emt 00:00:20]} 36. Re5 {[%clk
00:04:54]} {[%emt 00:00:48]} Kc7 {[%clk 00:26:32]} {[%emt 00:00:43]} 37. h5
{[%clk 00:02:02]} {[%emt 00:03:23]} Kd6 {[%clk 00:26:08]} {[%emt 00:00:53]} 38.
Re8 {[%clk 00:00:56]} {[%emt 00:01:37]} a5 {[%clk 00:25:03]} {[%emt 00:01:36]}
39. a4 {[%clk 00:01:02]} {[%emt 00:00:25]} h6 {[%clk 00:24:41]} {[%emt
00:00:51]} 40. Ke2 {[%clk 00:00:49]} {[%emt 00:00:43]} Rb7 {[%clk 00:20:24]}
{[%emt 00:04:46]} 41. Ra8 {[%clk 00:25:40]} {[%emt 00:05:40]} Ke6 {[%clk
00:40:01]} {[%emt 00:10:53]} 42. c3 {[%clk 00:24:45]} {[%emt 00:01:25]} Kd6
{[%clk 00:37:06]} {[%emt 00:03:24]} 43. Rd8+ {[%clk 00:17:55]} {[%emt
00:07:20]} Ke7 {[%clk 00:36:41]} {[%emt 00:00:55]} 44. Rg8 {[%clk 00:15:43]}
{[%emt 00:02:42]} Kd6 {[%clk 00:36:21]} {[%emt 00:00:50]} 45. Rd8+ {[%clk
00:12:32]} {[%emt 00:03:42]} Ke7 {[%clk 00:36:15]} {[%emt 00:00:36]} 46. Ra8
{[%clk 00:10:44]} {[%emt 00:02:18]} Kd6 {[%clk 00:36:19]} {[%emt 00:00:23]} 47.
f4 {[%clk 00:07:41]} {[%emt 00:03:35]} Ke6 {[%clk 00:35:22]} {[%emt 00:01:20]}
48. Ke3 {[%clk 00:07:22]} {[%emt 00:00:56]} Re7 {[%clk 00:35:33]} {[%emt
00:00:18]} 49. Rd8 {[%clk 00:06:21]} {[%emt 00:01:32]} Rb7 {[%clk 00:33:44]}
{[%emt 00:02:19]} 50. Ra8 {[%clk 00:05:38]} {[%emt 00:01:13]} Re7 {[%clk
00:34:00]} {[%emt 00:00:13]} 51. Ra6 {[%clk 00:05:15]} {[%emt 00:00:54]} Rb7
{[%clk 00:33:55]} {[%emt 00:00:34]} 52. Ke4 {[%clk 00:04:04]} {[%emt 00:01:41]}
Kf6 {[%clk 00:34:07]} {[%emt 00:00:17]} 53. Ra8 {[%clk 00:03:41]} {[%emt
00:00:54]} Re7+ {[%clk 00:33:57]} {[%emt 00:00:39]} 54. Kd3 {[%clk 00:02:31]}
{[%emt 00:01:40]} Rd7+ {[%clk 00:33:45]} {[%emt 00:00:42]} 55. Kc2 {[%clk
00:02:45]} {[%emt 00:00:16]} Re7 {[%clk 00:33:21]} {[%emt 00:00:54]} 56. Rf8+
{[%clk 00:02:44]} {[%emt 00:00:31]} Ke6 {[%clk 00:33:06]} {[%emt 00:00:45]} 57.
Rb8 {[%clk 00:01:15]} {[%emt 00:02:00]} Kd6 {[%clk 00:33:15]} {[%emt 00:00:21]}
58. Rxb6 {[%clk 00:01:15]} {[%emt 00:00:30]} Re4 {[%clk 00:33:35]} {[%emt
00:00:09]} 59. Rb7 {[%clk 00:01:08]} {[%emt 00:00:37]} Rxf4 {[%clk 00:33:05]}
{[%emt 00:00:59]} 60. Rxg7 {[%clk 00:01:29]} {[%emt 00:00:09]} Rxc4 {[%clk
00:33:25]} {[%emt 00:00:11]} 61. Kb3 {[%clk 00:01:36]} {[%emt 00:00:24]} Rf4
{[%clk 00:33:11]} {[%emt 00:00:43]} 62. Rg6+ {[%clk 00:01:15]} {[%emt
00:00:52]} Kd5 {[%clk 00:33:23]} {[%emt 00:00:17]} 63. Rxh6 {[%clk 00:00:46]}
{[%emt 00:00:59]} Rxg4 {[%clk 00:33:39]} {[%emt 00:00:13]} 64. c4+ {[%clk
00:00:42]} {[%emt 00:00:35]} Kd4 {[%clk 00:33:46]} {[%emt 00:00:22]} 65. Rd6+
{[%clk 00:01:03]} {[%emt 00:00:09]} Ke5 {[%clk 00:33:50]} {[%emt 00:00:25]} 66.
Rxc6 {[%clk 00:01:22]} {[%emt 00:00:12]} Rg3+ {[%clk 00:34:14]} {[%emt
00:00:06]} 67. Kb2 {[%clk 00:01:13]} {[%emt 00:00:40]} Kd4 {[%clk 00:34:27]}
{[%emt 00:00:16]} 68. Rg6 {[%clk 00:01:13]} {[%emt 00:00:30]} Rh3 {[%clk
00:34:12]} {[%emt 00:00:45]} 69. Rg4+ {[%clk 00:01:08]} {[%emt 00:00:35]} Kd3
{[%clk 00:33:04]} {[%emt 00:01:36]} 70. Kb3 {[%clk 00:00:52]} {[%emt 00:00:48]}
1/2-1/2